| 000 -LEADER |
| fixed length control field |
00883cam a22002414a 4500 |
| 001 - CONTROL NUMBER |
| control field |
2941 |
| 003 - CONTROL NUMBER IDENTIFIER |
| control field |
BD-DhUAP |
| 005 - DATE AND TIME OF LATEST TRANSACTION |
| control field |
20240320113807.0 |
| 008 - FIXED-LENGTH DATA ELEMENTS--GENERAL INFORMATION |
| fixed length control field |
200226s2000 sz a b 000 0 eng |
| 020 ## - INTERNATIONAL STANDARD BOOK NUMBER |
| International Standard Book Number |
0817653619 (Boston ) |
| 020 ## - INTERNATIONAL STANDARD BOOK NUMBER |
| International Standard Book Number |
3764353619 (Basel : alk. paper) |
| 040 ## - CATALOGING SOURCE |
| Original cataloging agency |
DLC |
| Transcribing agency |
DLC |
| Modifying agency |
BD-DhUAP |
| Language of cataloging |
Eng |
| 082 00 - DEWEY DECIMAL CLASSIFICATION NUMBER |
| Edition number |
23 |
| Classification number |
720.92 RIC |
| 100 1# - MAIN ENTRY--PERSONAL NAME |
| Personal name |
Richter, Helmut. |
| 245 10 - TITLE STATEMENT |
| Title |
Helmut Richter : |
| Remainder of title |
bauten und projekte = buildings and projects / |
| Statement of responsibility, etc. |
Helmut Richter ; translated by Walter M. Chramosta. |
| 260 ## - PUBLICATION, DISTRIBUTION, ETC. |
| Place of publication, distribution, etc. |
Basel : |
| Name of publisher, distributor, etc. |
Birkhäuser, Publishers for Architecture, |
| Date of publication, distribution, etc. |
c2000. |
| 300 ## - PHYSICAL DESCRIPTION |
| Extent |
211 pages : |
| Other physical details |
illustrations ; |
| Dimensions |
30 cm. |
| 504 ## - BIBLIOGRAPHY, ETC. NOTE |
| Bibliography, etc. note |
Includes bibliographical references (p. [212]). |
| 600 10 - SUBJECT ADDED ENTRY--PERSONAL NAME |
| Personal name |
Richter, Helmut, |
| Dates associated with a name |
1941- |
| General subdivision |
Criticism and interpretation. |
| 650 #0 - SUBJECT ADDED ENTRY--TOPICAL TERM |
| Topical term or geographic name entry element |
Architecture |
| Geographic subdivision |
Europe |
| General subdivision |
History |
| Chronological subdivision |
20th century. |
| 700 ## - ADDED ENTRY--PERSONAL NAME |
| Personal name |
Chramosta, Walter M. |
| 942 ## - ADDED ENTRY ELEMENTS (KOHA) |
| Source of classification or shelving scheme |
|
| Koha item type |
Book |